Assessment of Logistics Processes Dealing With Logistics Indicators

Vhodne vybraté indikátory a efektívny logistický systém na meranie logistiky má dôležité kognitívne, motivačné a diagnostické funkcie, pretože sú poskytovateľmi dôležitých informácií pre logistický manažment. Analýza, charakteristika a vyhodnotenie jednotlivých indikátorov ovplyvňujúcich logistické...

Full description

Saved in:
Bibliographic Details
Main Author: Majerčák, Peter
Format: Book Chapter
Language:English
Subjects:
Tags: Add Tag
No Tags, Be the first to tag this record!

MARC

LEADER 00000nla a2200000 4500
001 0241653
005 20240417075134.0
041 0 |a eng 
044 |a SK 
245 1 0 |a Assessment of Logistics Processes Dealing With Logistics Indicators  |c Peter Majerčák 
520 |a Vhodne vybraté indikátory a efektívny logistický systém na meranie logistiky má dôležité kognitívne, motivačné a diagnostické funkcie, pretože sú poskytovateľmi dôležitých informácií pre logistický manažment. Analýza, charakteristika a vyhodnotenie jednotlivých indikátorov ovplyvňujúcich logistické procesy. 
610 2 0 |a logistika 
610 2 0 |a stavebníctvo 
610 2 0 |a výkonnosť 
610 2 0 |a efektívnosť práce 
610 2 0 |a meranie výkonnosti 
100 1 |a Majerčák, Peter